Word Ladder: 3-Letter Initialisms Quiz Stats

Quiz Updated May 6, 2017

Challenge
Share
Tweet
Embed
Score 0/23 Timer 03:00
2 Plays Today
Hint 3-Letter Initialism % Correct
Seinfeld TV networkNBC
95.3%
Modern Family TV networkABC
94.7%
Sleep phaseREM
92.5%
Unaccounted for during wartimeMIA
89.9%
Big 4 hoops groupNBA
89.4%
Wharton degreeMBA
87.3%
Corporate VIPCEO
84.2%
Motor car company that made the Speed WagonREO
82.2%
CSI TV networkCBS
81.6%
EMT's lifesaving skillCPR
80.8%
Tax expertCPA
78%
Dashboard statRPM
74.5%
Hint 3-Letter Initialism % Correct
Hoppy beer varietyIPA
72%
401(k) relativeIRA
71.7%
Disorder that can cause abdominal painIBS
70.8%
Treasury Department branchIRS
70.7%
OSS successorCIA
68.7%
Merged with the AFL in 1955CIO
66.3%
Image file formatJPG
60%
A bad credit card's is over 20%APR
58.9%
Shoulder-fired weaponRPG
57%
NASA's Caltech facilityJPL
26.3%
Computer programming language of the 1960sAPL
23.3%

Today's Daily Dose

You're not logged in!

Compare scores with friends on all Sporcle quizzes.
Sign Up with Email
OR
Log In

You Might Also Like...

Show Comments

Extras

Top Quizzes Today


Score Distribution

Your Account Isn't Verified!

In order to create a playlist on Sporcle, you need to verify the email address you used during registration. Go to your Sporcle Settings to finish the process.